[Event "24. Torneo Colllado Villalba"]
[Site "Collado Villalba ESP"]
[Date "2007.08.26"]
[Round "4.19"]
[White "Coleto Calderon, Jose Antonio"]
[Black "Lobato Lavin, Alvaro"]
[Result "1/2-1/2"]
[WhiteElo "2159"]
[BlackElo "2055"]
[PlyCount "68"]
[EventDate "2007.08.23"]
[EventType "swiss"]
[EventRounds "9"]
[EventCountry "ESP"]
[Source "lmi"]
[SourceDate "2007.08.23"]

1. d4 Nf6 2. c4 c5 3. d5 e6 4. Nc3 exd5 5. cxd5 d6 6. e4 g6 7. Nf3 Bg7 8. Be2
O-O 9. O-O a6 10. a4 Bg4 11. Nd2 Bxe2 12. Qxe2 Nbd7 13. Nc4 Nb6 14. Na3 Re8 15.
Qd3 Qe7 16. Re1 Ng4 17. h3 Ne5 18. Qe2 g5 19. a5 Nbd7 20. Kh1 g4 21. Nc2 Qf6
22. Kh2 gxh3 23. f4 Qh4 24. gxh3 Kh8 25. Rg1 Bf6 26. Be3 Rg8 27. Raf1 h5 28.
Bf2 Qxf4+ 29. Bg3 Qh6 30. Rf5 Bg5 31. Kh1 h4 32. Bf4 f6 33. Ne3 Raf8 34. Ncd1
Rg6 1/2-1/2

[Event "24. Torneo Colllado Villalba"]
[Site "Collado Villalba ESP"]
[Date "2007.08.26"]
[Round "4.20"]
[White "Cao Armillas, Jesus"]
[Black "Lopez Ayala, Pedro"]
[Result "1/2-1/2"]
[WhiteElo "2153"]
[BlackElo "2018"]
[PlyCount "119"]
[EventDate "2007.08.23"]
[EventType "swiss"]
[EventRounds "9"]
[EventCountry "ESP"]
[Source "lmi"]
[SourceDate "2007.08.23"]

1. d4 Nf6 2. c4 e6 3. Nc3 Bb4 4. Bg5 h6 5. Bh4 b6 6. f3 Bxc3+ 7. bxc3 d5 8.
cxd5 exd5 9. e3 O-O 10. Bd3 Bb7 11. Ne2 Re8 12. Bf2 Nbd7 13. O-O c5 14. Ng3 g6
15. Qd2 Nf8 16. Rfe1 Ne6 17. Bc2 Rc8 18. Rac1 Re7 19. e4 dxe4 20. fxe4 cxd4 21.
cxd4 Ng4 22. d5 Nxf2 23. Qxf2 Nc5 24. Qf4 Rd7 25. Qxh6 Qf8 26. Qf4 Qg7 27. h4
Re8 28. h5 Qe5 29. Qg4 Kh7 30. Rf1 Bc8 31. Rxf7+ Rxf7 32. Qxg6+ Kh8 33. Qxf7
Rg8 34. Nf5 Bxf5 35. Qxf5 Qg3 36. Qf6+ Rg7 37. Qf8+ Kh7 38. e5+ Nd3 39. Bxd3+
Qxd3 40. Qf2 Qxd5 41. Qf5+ Kh6 42. Rc2 Qd1+ 43. Kh2 Qxh5+ 44. Qxh5+ Kxh5 45.
Re2 Kg4 46. Kg1 Re7 47. Kf2 b5 48. Re3 a5 49. Ke2 Kf5 50. Kd3 Ke6 51. Ke4 Rg7
52. Re2 Rg4+ 53. Kf3 Rg5 54. Re4 Rxe5 55. Kf4 Rxe4+ 56. Kxe4 b4 57. Kd4 a4 58.
Kc4 b3 59. axb3 axb3 60. Kxb3 1/2-1/2

[Event "24. Torneo Colllado Villalba"]
[Site "Collado Villalba ESP"]
[Date "2007.08.26"]
[Round "4.21"]
[White "Cano Mercado, Francisco Manuel"]
[Black "Ivanovitch Balsinde, Nicolas"]
[Result "0-1"]
[WhiteElo "1897"]
[BlackElo "2151"]
[PlyCount "104"]
[EventDate "2007.08.23"]
[EventType "swiss"]
[EventRounds "9"]
[EventCountry "ESP"]
[Source "lmi"]
[SourceDate "2007.08.23"]

1. d4 Nf6 2. Bg5 c5 3. d5 Ne4 4. Bh4 Qb6 5. Qc1 g5 6. Bg3 Bg7 7. c3 Na6 8. Nd2
Nxg3 9. hxg3 Nc7 10. e4 Qf6 11. Bd3 d6 12. Ngf3 Bd7 13. Qc2 h6 14. a4 b6 15.
Nc4 O-O 16. O-O Rab8 17. e5 dxe5 18. Ncxe5 Qd6 19. Nxd7 Qxd7 20. c4 e6 21. dxe6
Nxe6 22. Bf5 Nd4 23. Nxd4 Qxd4 24. Rab1 Qd6 25. Rbd1 Bd4 26. Be4 Qf6 27. b3
Rbe8 28. Bd5 Re5 29. Rd3 g4 30. Qd1 Qg6 31. Rxd4 cxd4 32. Qxd4 Rfe8 33. Qc3 Re2
34. a5 Qg7 35. Qb4 Qd4 36. axb6 axb6 37. Qd6 Kg7 38. Qd7 Rxf2 39. Rxf2 Re1+ 40.
Kh2 Qxf2 41. Qxg4+ Kh8 42. Qc8+ Kh7 43. Bf3 Qg1+ 44. Kh3 Qh1+ 45. Kg4 Re5 46.
Kf4 Rg5 47. Qf8 Qc1+ 48. Ke4 Qb1+ 49. Kd4 Qb2+ 50. Ke4 Re5+ 51. Kf4 Qd4+ 52.
Be4+ Qxe4# 0-1

[Event "24. Torneo Colllado Villalba"]
[Site "Collado Villalba ESP"]
[Date "2007.08.26"]
[Round "4.23"]
[White "Erice Alonso, Santiago"]
[Black "De Nacimiento Montaño, Angel"]
[Result "1/2-1/2"]
[WhiteElo "2131"]
[BlackElo "1999"]
[PlyCount "70"]
[EventDate "2007.08.23"]
[EventType "swiss"]
[EventRounds "9"]
[EventCountry "ESP"]
[Source "lmi"]
[SourceDate "2007.08.23"]

1. c4 g6 2. Nc3 Bg7 3. e4 c5 4. g3 Nc6 5. Bg2 Nf6 6. Nf3 O-O 7. O-O d6 8. d3
Rb8 9. a3 a6 10. Rb1 b5 11. cxb5 axb5 12. b4 Ne8 13. Nd5 e6 14. Ne3 Nd4 15. Bb2
e5 16. Nxd4 exd4 17. Nd5 Nc7 18. Nxc7 Qxc7 19. Rc1 Qa7 20. f4 c4 21. Ra1 c3 22.
Bc1 f5 23. Ra2 fxe4 24. Bxe4 Qf7 25. Raf2 Bh3 26. Qf3 Kh8 27. Re1 Be6 28. Rfe2
Rbe8 29. Bc6 Bd7 30. Bd5 Rxe2 31. Rxe2 Bg4 32. Qg2 Qd7 33. Bc6 Qf5 34. Be4 Qh5
35. Re1 Bh3 1/2-1/2

[Event "24. Torneo Colllado Villalba"]
[Site "Collado Villalba ESP"]
[Date "2007.08.26"]
[Round "4.24"]
[White "Martin Martin, Luis Vicente"]
[Black "Arauz Alonso, Fernando"]
[Result "1-0"]
[WhiteElo "2110"]
[BlackElo "1967"]
[PlyCount "127"]
[EventDate "2007.08.23"]
[EventType "swiss"]
[EventRounds "9"]
[EventCountry "ESP"]
[Source "lmi"]
[SourceDate "2007.08.23"]

1. d4 d5 2. Bf4 e6 3. e3 Bd6 4. Bxd6 Qxd6 5. Qg4 g6 6. Nd2 Nd7 7. Ngf3 b6 8.
Bd3 Bb7 9. c3 Ngf6 10. Qg3 O-O 11. Qxd6 cxd6 12. O-O e5 13. Bc2 Rac8 14. Ba4 a6
15. a3 b5 16. Bd1 Ne4 17. Nb3 Rc7 18. Be2 f6 19. Rfd1 Nb6 20. Nfd2 Nxd2 21.
Rxd2 Nc4 22. Rc2 Nb6 23. Rd1 f5 24. f4 Nc4 25. Kf2 Re8 26. Nd2 exf4 27. Nxc4
dxc4 28. exf4 Be4 29. Rcd2 d5 30. Bf3 Kg7 31. Re1 Rce7 32. Rde2 Kf6 33. Re3 g5
34. Bh5 Rg8 35. fxg5+ Rxg5 36. Bf3 Reg7 37. R3e2 Ke6 38. Ke3 Kd7 39. g3 Ke6 40.
Kf4 h6 41. Rg1 Kd6 42. Reg2 Rg4+ 43. Ke3 Bxf3 44. Kxf3 Re4 45. Re2 h5 46. h3
Ke6 47. Rgg2 Kf6 48. g4 hxg4+ 49. hxg4 Rgxg4 50. Rh2 Rgf4+ 51. Kg3 Rg4+ 52. Kf3
Rxe2 53. Rxe2 Re4 54. Rh2 Kg5 55. Rh8 Rf4+ 56. Kg3 Rf1 57. Rg8+ Kf6 58. Rf8+
Ke7 59. Ra8 Rb1 60. Kf4 Rxb2 61. Ra7+ Ke8 62. Kxf5 Re2 63. Rxa6 Kd7 64. Rb6 1-0

[Event "24. Torneo Colllado Villalba"]
[Site "Collado Villalba ESP"]
[Date "2007.08.26"]
[Round "4.25"]
[White "Martin Mesa, Jose Maria"]
[Black "Gordillo Lopez, Manuel"]
[Result "0-1"]
[WhiteElo "2102"]
[BlackElo "1991"]
[PlyCount "63"]
[EventDate "2007.08.23"]
[EventType "swiss"]
[EventRounds "9"]
[EventCountry "ESP"]
[Source "lmi"]
[SourceDate "2007.08.23"]

1. e4 e6 2. Nf3 d5 3. e5 c5 4. b4 Nh6 5. bxc5 Qa5 6. c3 Bxc5 7. d4 Be7 8. Bxh6
gxh6 9. Bd3 Bd7 10. O-O Nc6 11. Qc2 Rc8 12. Nbd2 Qa3 13. Qb3 Na5 14. Qxa3 Bxa3
15. Nb3 Nc4 16. Rab1 b6 17. Nc1 Nb2 18. Ba6 Rxc3 19. Ne2 Rc2 20. Nf4 Nc4 21.
Nh5 Ba4 22. Bxc4 Rxc4 23. Nd2 Rxd4 24. Nb3 Rc4 25. Na5 Rc2 26. Nb7 Ke7 27. Rfe1
Rc7 28. Re3 Rhc8 29. h3 Rc3 30. Rxc3 Rxc3 31. Nf6 Bc6 32. Nd6 0-1

[Event "24. Torneo Colllado Villalba"]
[Site "Collado Villalba ESP"]
[Date "2007.08.26"]
[Round "4.26"]
[White "San Juan Rodriguez, Miguel"]
[Black "Rodrigo Yanguas, Maria"]
[Result "1-0"]
[WhiteElo "2100"]
[BlackElo "1988"]
[PlyCount "64"]
[EventDate "2007.08.23"]
[EventType "swiss"]
[EventRounds "9"]
[EventCountry "ESP"]
[Source "lmi"]
[SourceDate "2007.08.23"]

1. e4 e6 2. Qe2 c5 3. Nf3 Nc6 4. g3 g6 5. Bg2 Bg7 6. O-O Nge7 7. d3 O-O 8. h4
b6 9. Re1 Ba6 10. c3 Rc8 11. Nbd2 d5 12. e5 b5 13. Nf1 b4 14. Bd2 Rb8 15. N1h2
bxc3 16. bxc3 Rb2 17. Ng4 Qa5 18. Nf6+ Kh8 19. a4 Qc7 20. h5 Rfb8 21. Qd1 Bxd3
22. Bc1 Rb1 23. Rxb1 Bxb1 24. h6 Bxf6 25. exf6 Nc8 26. Bf4 Nd6 27. Ng5 Nd8 28.
Bxd5 Rb6 29. a5 Rb2 30. Bf3 N8b7 31. Bxb7 Rxb7 32. Bxd6 Qxa5 1-0

[Event "24. Torneo Colllado Villalba"]
[Site "Collado Villalba ESP"]
[Date "2007.08.26"]
[Round "4.27"]
[White "Aguado Rodriguez, Guillermo"]
[Black "Monmeneu Chulia, Vicente J"]
[Result "0-1"]
[WhiteElo "1866"]
[BlackElo "2078"]
[PlyCount "80"]
[EventDate "2007.08.23"]
[EventType "swiss"]
[EventRounds "9"]
[EventCountry "ESP"]
[Source "lmi"]
[SourceDate "2007.08.23"]

1. e4 e6 2. d4 d5 3. Nc3 Bb4 4. Bd3 Nc6 5. Nge2 Nf6 6. e5 Ne4 7. O-O Nxc3 8.
bxc3 Be7 9. f4 Na5 10. Rb1 b6 11. Ng3 g6 12. Nh1 h5 13. Rf3 Bb7 14. Rh3 Kd7 15.
Nf2 a6 16. Be3 Nc4 17. Bxc4 dxc4 18. Qe2 Bd5 19. Bd2 Qc8 20. Ne4 Qb7 21. Ng5
Raf8 22. a4 Qc6 23. Ra1 a5 24. g4 Bxg5 25. fxg5 hxg4 26. Rxh8 Rxh8 27. Qxg4 Be4
28. Rf1 Bf5 29. Qf4 Rh3 30. Be1 Qxa4 31. d5 exd5 32. Bg3 Ke6 33. Qd4 Qxc2 34.
Rd1 Qe4 35. Qd2 Qd3 36. Qe1 Qf3 37. Qd2 Be4 38. Rf1 Rxg3+ 39. hxg3 Qxg3+ 40.
Qg2 Qxg2# 0-1

[Event "24. Torneo Colllado Villalba"]
[Site "Collado Villalba ESP"]
[Date "2007.08.26"]
[Round "4.28"]
[White "Sanchez Delgado, Lidia"]
[Black "Garcia Reino, Eduardo J"]
[Result "1-0"]
[WhiteElo "2053"]
[BlackElo "1889"]
[PlyCount "33"]
[EventDate "2007.08.23"]
[EventType "swiss"]
[EventRounds "9"]
[EventCountry "ESP"]
[Source "lmi"]
[SourceDate "2007.08.23"]

1. e4 e5 2. Nf3 Nf6 3. Nxe5 d6 4. Nf3 Nxe4 5. d4 d5 6. Bd3 Bd6 7. O-O O-O 8. c4
c6 9. cxd5 cxd5 10. Nc3 Nxc3 11. bxc3 Bg4 12. h3 Bh5 13. Rb1 Nd7 14. Rb5 Nb6
15. c4 Nxc4 16. Bxc4 dxc4 17. Rxh5 1-0

[Event "24. Torneo Colllado Villalba"]
[Site "Collado Villalba ESP"]
[Date "2007.08.26"]
[Round "4.29"]
[White "Castejon Caballero, Andres"]
[Black "Nieto De La Cruz, Julio"]
[Result "1/2-1/2"]
[WhiteElo "2038"]
[BlackElo "1625"]
[PlyCount "99"]
[EventDate "2007.08.23"]
[EventType "swiss"]
[EventRounds "9"]
[EventCountry "ESP"]
[Source "lmi"]
[SourceDate "2007.08.23"]

1. e4 c5 2. Nf3 d6 3. Bb5+ Bd7 4. Bxd7+ Nxd7 5. c4 g6 6. Nc3 Bg7 7. O-O e6 8.
d4 Ne7 9. Nb5 Nc8 10. e5 dxe5 11. dxe5 O-O 12. Qe2 a6 13. Nc3 Qc7 14. Re1 Ne7
15. Bf4 Rfc8 16. Rad1 Nc6 17. h4 Nb6 18. b3 Rd8 19. h5 Rd7 20. h6 Bh8 21. Rxd7
Nxd7 22. Qe3 Rb8 23. Bg3 b5 24. Nd5 Qa5 25. b4 Qxa2 26. Nf6+ Nxf6 27. exf6 Rd8
28. cxb5 axb5 29. Qxc5 Qd5 30. Qxd5 exd5 31. Bc7 Rc8 32. Ne5 Nxb4 33. Nd7 Nc2
34. Re5 b4 35. Nb6 Bxf6 36. Nxc8 Bxe5 37. Bxe5 d4 38. Nd6 Kf8 39. Kf1 Ke7 40.
Nc4 Ke6 41. Ke2 Kd5 42. Kd2 Na3 43. Nb2 Kxe5 44. Nd3+ Kf5 45. Nxb4 Kg5 46. Kd3
Kxh6 47. Kxd4 Kg5 48. Ke4 f5+ 49. Kf3 Nc4 50. Nd5 1/2-1/2

[Event "24. Torneo Colllado Villalba"]
[Site "Collado Villalba ESP"]
[Date "2007.08.26"]
[Round "4.32"]
[White "Callejo Hernanz, Jesus Maria"]
[Black "Rodriguez Gomez, Vicente"]
[Result "1/2-1/2"]
[WhiteElo "1820"]
[BlackElo "2148"]
[PlyCount "75"]
[EventDate "2007.08.23"]
[EventType "swiss"]
[EventRounds "9"]
[EventCountry "ESP"]
[Source "lmi"]
[SourceDate "2007.08.23"]

1. d4 d5 2. c4 e6 3. Nc3 Nf6 4. Bg5 Be7 5. cxd5 exd5 6. e3 O-O 7. Bd3 c6 8. Qc2
h6 9. Bh4 Re8 10. Nge2 Nbd7 11. O-O Ng4 12. Bxe7 Qxe7 13. Rae1 Nf8 14. Ng3 Be6
15. e4 dxe4 16. Bxe4 Qh4 17. h3 Nf6 18. Qa4 Red8 19. d5 Nxe4 20. Rxe4 Qe7 21.
dxe6 Nxe6 22. Rfe1 a6 23. Nf5 Qc7 24. Rg4 h5 25. Rg3 Rd7 26. Qh4 Nf4 27. Qf6
Nxh3+ 28. gxh3 Qxg3+ 29. Nxg3 gxf6 30. Nxh5 Kf8 31. Nxf6 Rd2 32. Re2 Rxe2 33.
Nxe2 Rd8 34. Ne4 b6 35. Kg2 c5 36. Kf3 Kg7 37. Ke3 Rh8 38. Nf4 1/2-1/2

[Event "24. Torneo Colllado Villalba"]
[Site "Collado Villalba ESP"]
[Date "2007.08.26"]
[Round "4.35"]
[White "Ramos Aldoradin, John Paul"]
[Black "Laurentiu, Burlacu"]
[Result "1/2-1/2"]
[WhiteElo "2129"]
[BlackElo "1944"]
[PlyCount "105"]
[EventDate "2007.08.23"]
[EventType "swiss"]
[EventRounds "9"]
[EventCountry "ESP"]
[Source "lmi"]
[SourceDate "2007.08.23"]

1. Nf3 e6 2. g3 b6 3. Bg2 Bb7 4. O-O f5 5. d4 Nf6 6. c4 d6 7. Nc3 Nbd7 8. d5 e5
9. Ng5 Nc5 10. b4 h6 11. bxc5 hxg5 12. c6 Bc8 13. Bxg5 Be7 14. e4 Ng4 15. Bxe7
Qxe7 16. h3 Nf6 17. exf5 Bxf5 18. g4 Bg6 19. Re1 Nh7 20. f4 O-O 21. f5 Be8 22.
Be4 Qh4 23. Kh2 Ng5 24. Qd3 g6 25. Rf1 Nxe4 26. Qxe4 Kh7 27. f6 Rxf6 28. Rxf6
Qxf6 29. Rf1 Qe7 30. Qe3 Bf7 31. Ne4 Kg7 32. g5 b5 33. Nf6 bxc4 34. Qe4 Rb8 35.
Rc1 Rb2+ 36. Kg1 Qf8 37. Rf1 Qh8 38. Qf3 Qf8 39. Ng4 Qe7 40. h4 Rd2 41. Nf6 Rd3
42. Qg4 Rd4 43. Qd7 Qf8 44. Qxc7 Rxh4 45. Qd7 c3 46. Ng4 Qe8 47. Nf6 Qf8 48. c7
Rc4 49. Qd8 c2 50. Nd7 Qe8 51. Nf6 Qf8 52. Nd7 Qe8 53. Nf6 1/2-1/2

[Event "24. Torneo Colllado Villalba"]
[Site "Collado Villalba ESP"]
[Date "2007.08.26"]
[Round "4.36"]
[White "Alcoz Coll, Gonzalo"]
[Black "Gago Padreny, Ignacio"]
[Result "0-1"]
[WhiteElo "1920"]
[BlackElo "2124"]
[PlyCount "80"]
[EventDate "2007.08.23"]
[EventType "swiss"]
[EventRounds "9"]
[EventCountry "ESP"]
[Source "lmi"]
[SourceDate "2007.08.23"]

1. e4 c5 2. c3 Nf6 3. e5 Nd5 4. d4 cxd4 5. Nf3 Nc6 6. cxd4 d6 7. exd6 Qxd6 8.
Nc3 Nxc3 9. bxc3 Bg4 10. Be2 e6 11. O-O Be7 12. Rb1 b6 13. Qa4 O-O 14. h3 Bf5
15. Rb5 Rfc8 16. Rd1 Nd8 17. c4 a6 18. Re5 b5 19. Qb3 bxc4 20. Bxc4 Nc6 21.
Rxf5 exf5 22. Bxf7+ Kh8 23. d5 Nd8 24. Be6 Rcb8 25. Qc2 Nxe6 26. dxe6 Qxe6 27.
Nd4 Rc8 28. Qb1 Qd6 29. Bb2 Rab8 30. Qxf5 Rf8 31. Qc2 Bh4 32. Nf3 Bxf2+ 33.
Kxf2 Rxb2 34. Qxb2 Qxd1 35. Qa3 Qd4+ 36. Kg3 Qf6 37. Qc5 Rd8 38. Qa5 Rb8 39. a4
Qd6+ 40. Kf2 Qb6+ 0-1

[Event "24. Torneo Colllado Villalba"]
[Site "Collado Villalba ESP"]
[Date "2007.08.26"]
[Round "4.37"]
[White "Collado Barbas, Alberto"]
[Black "Colet Fernandez, Josep"]
[Result "0-1"]
[WhiteElo "1883"]
[BlackElo "2096"]
[PlyCount "60"]
[EventDate "2007.08.23"]
[EventType "swiss"]
[EventRounds "9"]
[EventCountry "ESP"]
[Source "lmi"]
[SourceDate "2007.08.23"]

1. d4 d5 2. Nf3 e6 3. c3 c5 4. Bg5 Qb6 5. Qb3 Nc6 6. Nbd2 Nf6 7. e3 c4 8. Qxb6
axb6 9. e4 b5 10. b3 b4 11. Bxf6 bxc3 12. bxc4 gxf6 13. Nb3 dxe4 14. d5 Nb4 15.
Nfd4 e5 16. Nb5 Kd8 17. Kd1 Bg4+ 18. Be2 c2+ 19. Ke1 Nd3+ 20. Kd2 Bh6+ 21. Kc3
Bxe2 22. Kxc2 Nxf2 23. Nd6 Bd3+ 24. Kc3 Kd7 25. Nxb7 Nxh1 26. N3c5+ Kc7 27. d6+
Kc6 28. Rxh1 Rxa2 29. d7 Bd2+ 30. Kb3 Rha8 0-1

[Event "24. Torneo Colllado Villalba"]
[Site "Collado Villalba ESP"]
[Date "2007.08.26"]
[Round "4.38"]
[White "Quintero Torres, Pedro"]
[Black "Martinez Alvira, Santiago"]
[Result "1/2-1/2"]
[WhiteElo "2084"]
[BlackElo "1955"]
[PlyCount "133"]
[EventDate "2007.08.23"]
[EventType "swiss"]
[EventRounds "9"]
[EventCountry "ESP"]
[Source "lmi"]
[SourceDate "2007.08.23"]

1. e4 c5 2. Nf3 d6 3. Bb5+ Nd7 4. O-O a6 5. Bxd7+ Bxd7 6. Nc3 e6 7. d4 cxd4 8.
Qxd4 Nf6 9. Bg5 Be7 10. e5 dxe5 11. Nxe5 Bc6 12. Nxc6 bxc6 13. Qc4 Qb6 14. Be3
c5 15. Qa4+ Kf8 16. Qc4 Qb4 17. Qe2 h6 18. Rab1 Kg8 19. a3 Qa5 20. Qf3 Kh7 21.
Qb7 Rhe8 22. Bf4 Qd8 23. Rfd1 Qc8 24. Qf3 Ra7 25. Ne4 Qa8 26. Nxf6+ Bxf6 27.
Qxa8 Rexa8 28. Rd6 Rb7 29. b3 c4 30. g3 Be7 31. Rc6 cxb3 32. a4 b2 33. Be5 Bf6
34. Bxf6 gxf6 35. Kf1 a5 36. Rc5 Rb4 37. Rb5 Rxa4 38. R1xb2 Re4 39. Rb8 Rxb8
40. Rxb8 Rc4 41. Ra8 Rc5 42. Ke1 Kg6 43. Kd2 Kf5 44. f3 Ke5 45. Kd3 h5 46. c4
h4 47. Ra7 hxg3 48. hxg3 f5 49. Rxf7 Rc8 50. Ra7 Rg8 51. Rxa5+ Kd6 52. Ra6+ Kd7
53. Ra7+ Kd6 54. Ra6+ Kd7 55. Ke3 Rxg3 56. Kf4 Rg1 57. Ra7+ Kd6 58. Ra6+ Kd7
59. c5 Rc1 60. Ra7+ Kc6 61. Re7 Rc4+ 62. Ke5 Rxc5+ 63. Kxe6 Rc3 64. f4 Re3+ 65.
Kf6 Re4 66. Re6+ Kd7 67. Re5 1/2-1/2

[Event "24. Torneo Colllado Villalba"]
[Site "Collado Villalba ESP"]
[Date "2007.08.26"]
[Round "4.39"]
[White "Tevar Sanz, Gonzalo"]
[Black "Menor Villamor, Jose Carlos"]
[Result "0-1"]
[WhiteElo "1877"]
[BlackElo "2032"]
[PlyCount "34"]
[EventDate "2007.08.23"]
[EventType "swiss"]
[EventRounds "9"]
[EventCountry "ESP"]
[Source "lmi"]
[SourceDate "2007.08.23"]

1. e4 d5 2. exd5 Qxd5 3. Nc3 Qa5 4. d4 Nf6 5. Bd2 Qb6 6. Nf3 c6 7. Bc4 Bg4 8.
Na4 Qc7 9. Nc5 e6 10. h3 Bh5 11. Qe2 Bxc5 12. dxc5 Nbd7 13. O-O-O O-O-O 14. g4
Bg6 15. g5 Ne4 16. Be3 Bh5 17. Rd3 Ne5 0-1

[Event "24. Torneo Colllado Villalba"]
[Site "Collado Villalba ESP"]
[Date "2007.08.26"]
[Round "4.40"]
[White "Minguez Greciano, Iluminada"]
[Black "Clopes Llahi, Judit"]
[Result "0-1"]
[WhiteElo "1861"]
[BlackElo "2020"]
[PlyCount "88"]
[EventDate "2007.08.23"]
[EventType "swiss"]
[EventRounds "9"]
[EventCountry "ESP"]
[Source "lmi"]
[SourceDate "2007.08.23"]

1. c4 e5 2. Nc3 d6 3. g3 f5 4. e3 Nf6 5. Bg2 Be7 6. d4 O-O 7. Nge2 c6 8. O-O
Na6 9. a3 Nc7 10. b4 Qe8 11. a4 Kh8 12. d5 Bd7 13. b5 c5 14. a5 e4 15. Na4 Ng4
16. Bb2 Bf6 17. Qb3 Bxb2 18. Nxb2 Nxh2 19. Rfe1 Ng4 20. Nf4 Qe5 21. f3 Nf6 22.
Ra2 Nce8 23. Nd1 Kg8 24. Nf2 exf3 25. Bxf3 Ne4 26. N2d3 Qe7 27. Rg2 N8f6 28.
Qb2 Qf7 29. Nf2 Nxf2 30. Kxf2 Rae8 31. Rh1 Ng4+ 32. Bxg4 fxg4 33. Rgh2 g5 34.
Rh5 Qe7 35. Qc3 gxf4 36. gxf4 Bf5 37. Rg5+ Qxg5 38. fxg5 Be4+ 39. Kg1 Bxh1 40.
Kxh1 Rf3 41. Kg2 Rexe3 42. Qd2 Rg3+ 43. Kh2 Rh3+ 44. Kg1 Reg3+ 0-1

[Event "24. Torneo Colllado Villalba"]
[Site "Collado Villalba ESP"]
[Date "2007.08.26"]
[Round "4.41"]
[White "Perez Ortego, Alberto"]
[Black "Heras Cuenca, Miguel Angel"]
[Result "0-1"]
[WhiteElo "1615"]
[BlackElo "2014"]
[PlyCount "60"]
[EventDate "2007.08.23"]
[EventType "swiss"]
[EventRounds "9"]
[EventCountry "ESP"]
[Source "lmi"]
[SourceDate "2007.08.23"]

1. e4 e5 2. Nf3 Nf6 3. Nxe5 d6 4. Nf3 Nxe4 5. d3 Nf6 6. Be2 Be7 7. O-O O-O 8.
Re1 h6 9. h3 d5 10. Be3 c5 11. c3 Nc6 12. d4 b6 13. b3 Ne4 14. Bd3 f5 15. Bxe4
fxe4 16. Ne5 Nxe5 17. dxe5 Rf5 18. Qd2 Rxe5 19. Bf4 Re6 20. Re3 Rg6 21. Rg3
Rxg3 22. fxg3 d4 23. Na3 Bf5 24. Rf1 e3 25. Bxe3 dxe3 26. Qxe3 Bg6 27. Qe6+ Kh7
28. Nc4 Bf6 29. Nd6 Qe7 30. Rxf6 Qxf6 0-1

[Event "24. Torneo Colllado Villalba"]
[Site "Collado Villalba ESP"]
[Date "2007.08.26"]
[Round "4.42"]
[White "Barahona Torrijos, Angel"]
[Black "Marcos Herrero, Francisco"]
[Result "1-0"]
[WhiteElo "2014"]
[BlackElo "1940"]
[PlyCount "61"]
[EventDate "2007.08.23"]
[EventType "swiss"]
[EventRounds "9"]
[EventCountry "ESP"]
[Source "lmi"]
[SourceDate "2007.08.23"]

1. e4 d6 2. f4 c5 3. c3 Nf6 4. Nf3 Nxe4 5. Qa4+ Bd7 6. Qxe4 Bc6 7. Qe3 g6 8. d4
Nd7 9. Bd3 Bg7 10. O-O O-O 11. Nbd2 b5 12. Be4 d5 13. Bc2 c4 14. Ne5 Nxe5 15.
fxe5 a5 16. Nf3 Qb6 17. Ng5 Bd7 18. Bd2 f6 19. Nf3 b4 20. Rae1 Ra6 21. exf6
Bxf6 22. Ne5 Be8 23. Ng4 Bf7 24. Qf3 a4 25. Nh6+ Kg7 26. Nxf7 Rxf7 27. Qxd5 b3
28. axb3 cxb3 29. Bd3 Ra5 30. Bh6+ Kg8 31. Qd7 1-0

[Event "24. Torneo Colllado Villalba"]
[Site "Collado Villalba ESP"]
[Date "2007.08.26"]
[Round "4.43"]
[White "Pardo Robles, Jose Manuel"]
[Black "Cobelas Rodriguez, Pilar"]
[Result "1-0"]
[WhiteElo "2005"]
[BlackElo "1925"]
[PlyCount "41"]
[EventDate "2007.08.23"]
[EventType "swiss"]
[EventRounds "9"]
[EventCountry "ESP"]
[Source "lmi"]
[SourceDate "2007.08.23"]

1. e4 e6 2. d4 d5 3. Nc3 dxe4 4. Nxe4 Nf6 5. Nxf6+ Qxf6 6. Nf3 h6 7. h4 Qd8 8.
Bc4 c6 9. Bf4 a5 10. a4 Be7 11. h5 Nd7 12. Qe2 Nb6 13. Bb3 Nd5 14. Be5 O-O 15.
c3 b5 16. Bc2 f5 17. Rh3 Kh7 18. Rg3 Rf7 19. Rg6 Bf6 20. g4 Bd7 21. g5 1-0

[Event "24. Torneo Colllado Villalba"]
[Site "Collado Villalba ESP"]
[Date "2007.08.26"]
[Round "4.44"]
[White "Avendaño Mateos, Jose"]
[Black "Collado Barbas, Laura"]
[Result "1-0"]
[WhiteElo "1998"]
[BlackElo "1883"]
[PlyCount "55"]
[EventDate "2007.08.23"]
[EventType "swiss"]
[EventRounds "9"]
[EventCountry "ESP"]
[Source "lmi"]
[SourceDate "2007.08.23"]

1. d4 d5 2. Nf3 c6 3. Bg5 Qc7 4. e3 Bg4 5. Nbd2 e6 6. Bd3 Bd6 7. a3 Nd7 8. c4
b6 9. Qc2 Ngf6 10. Rc1 Rc8 11. h3 Bh5 12. b4 c5 13. cxd5 exd5 14. Ba6 Rb8 15.
Bxf6 gxf6 16. dxc5 bxc5 17. Qf5 Bxf3 18. Nxf3 Qb6 19. b5 Qa5+ 20. Ke2 Qxa3 21.
Rhd1 Be5 22. Rc2 Qb3 23. Kf1 Ke7 24. Rcd2 d4 25. exd4 cxd4 26. Nxd4 Bxd4 27.
Rxd4 Ne5 28. Rd6 1-0

[Event "24. Torneo Colllado Villalba"]
[Site "Collado Villalba ESP"]
[Date "2007.08.26"]
[Round "4.49"]
[White "Sarabia Utrilla, Joaquin"]
[Black "Sierra Bermejo, Gregorio"]
[Result "0-1"]
[WhiteElo "1929"]
[BlackElo "1802"]
[PlyCount "70"]
[EventDate "2007.08.23"]
[EventType "swiss"]
[EventRounds "9"]
[EventCountry "ESP"]
[Source "lmi"]
[SourceDate "2007.08.23"]

1. d4 d5 2. c4 dxc4 3. e4 e5 4. d5 Nf6 5. Bg5 b5 6. a4 c6 7. axb5 cxb5 8. Nc3
Bb4 9. Nf3 Bg4 10. h3 Bh5 11. g4 Bg6 12. Nxe5 Bxe4 13. Qe2 Qxd5 14. f3 Qxe5 15.
Bxf6 gxf6 16. Qxe4 Bxc3+ 17. bxc3 Nc6 18. O-O-O Qxe4 19. fxe4 Rd8 20. Rd5 a6
21. Bg2 Ne5 22. Rf1 Ke7 23. g5 Nd3+ 24. Kb1 fxg5 25. Rxg5 Rhg8 26. Rxg8 Rxg8
27. Bf3 Ne5 28. Bd1 Rg3 29. Rf5 Nd3 30. Rh5 Nf2 31. Be2 Rxc3 32. Rxh7 Nxe4 33.
Bh5 Ng5 34. Rg7 Kf6 35. Rg8 Rxh3 0-1

[Event "24. Torneo Colllado Villalba"]
[Site "Collado Villalba ESP"]
[Date "2007.08.26"]
[Round "4.50"]
[White "Benito Alba, Eladio"]
[Black "Martinez Sanz, Matias"]
[Result "0-1"]
[WhiteElo "1873"]
[BlackElo "1641"]
[PlyCount "120"]
[EventDate "2007.08.23"]
[EventType "swiss"]
[EventRounds "9"]
[EventCountry "ESP"]
[Source "lmi"]
[SourceDate "2007.08.23"]

1. d4 Nf6 2. Nf3 g6 3. g3 Bg7 4. Bg2 d5 5. O-O O-O 6. c4 c6 7. Nc3 h6 8. cxd5
cxd5 9. Qb3 Nc6 10. Bf4 a6 11. Rac1 e6 12. Na4 Nh5 13. Be3 f5 14. Nb6 Rb8 15.
Rfd1 Qd6 16. Nxc8 Rfxc8 17. Qd3 Kh7 18. Qd2 g5 19. Qd3 Kg8 20. Bd2 Nf6 21. e3
Ne4 22. a3 Nxd2 23. Rxd2 Ne7 24. Rdc2 Rc6 25. b4 Rbc8 26. Rc5 Ng6 27. Bf1 g4
28. Nd2 Qd7 29. Qb3 Bf8 30. Rxc6 Rxc6 31. Qb2 Bg7 32. Nb3 e5 33. Nc5 Qc8 34.
Qb3 Ne7 35. b5 Rb6 36. Nd3 Qe6 37. a4 axb5 38. axb5 exd4 39. Nf4 Qd7 40. exd4
Kh7 41. Qd3 Nc8 42. Rc5 Rd6 43. Bg2 Ne7 44. Qc3 Qd8 45. Qe3 b6 46. Ne6 Rxe6 47.
Qxe6 bxc5 48. dxc5 Bd4 49. c6 Kg7 50. Qe2 Be5 51. Qxe5+ Kf7 52. c7 Qd7 53.
Bxd5+ Nxd5 54. c8=Q Qxc8 55. Qxd5+ Kf6 56. Qd2 Kg6 57. Qb2 Qe6 58. Qc2 Qe1+ 59.
Kg2 Qe4+ 60. Qxe4 fxe4 0-1